Library Banner

The postwar Japanese economy: (Record no. 20935)

MARC details
000 -LEADER
fixed length control field 00432nam a2200157Ia 4500
001 - CONTROL NUMBER
control field 20596
008 - FIXED-LENGTH DATA ELEMENTS--GENERAL INFORMATION
fixed length control field 140408s9999 xx 000 0 und d
040 ## - CATALOGING SOURCE
Transcribing agency PK-LaUMT
082 ## - DEWEY DECIMAL CLASSIFICATION NUMBER
Classification number 330.0952
Item number NAK-P
100 ## - MAIN ENTRY--PERSONAL NAME
Personal name Takafusa Nakamura
245 #4 - TITLE STATEMENT
Title The postwar Japanese economy:
Remainder of title Ist development and structure
Statement of responsibility, etc Takafusa Nakamura
260 ## - PUBLICATION, DISTRIBUTION, ETC. (IMPRINT)
Place of publication, distribution, etc Tokyo,Japan:
Name of publisher, distributor, etc University of Tokyo,
Date of publication, distribution, etc 1987
300 ## - PHYSICAL DESCRIPTION
Extent 277 p.
546 ## - LANGUAGE NOTE
Language note EN
942 ## - ADDED ENTRY ELEMENTS (KOHA)
Koha item type Books
Holdings
Withdrawn status Lost status Damaged status Not for loan Home library Current library Date acquired Total Checkouts Full call number Barcode Date last seen Date checked out Price effective from Koha item type
        UMT Main Campus UMT Main Campus 2014-04-08 1 330.0952 NAK-P 11258 2019-07-19 2019-07-04 2014-04-23 Books